Az Osztrák-Magyar Monarchia középcímere
Elmentve itt :
| Szerző: | |
|---|---|
| Dokumentumtípus: | Cikk |
| Megjelent: |
2007
|
| Sorozat: | JOGTÖRTÉNETI SZEMLE
9 No. Különszám |
| mtmt: | 1242979 |
| Online Access: | http://publicatio.bibl.u-szeged.hu/20458 |
| LEADER | 00587nab a2200181 i 4500 | ||
|---|---|---|---|
| 001 | publ20458 | ||
| 005 | 20230718111750.0 | ||
| 008 | 210217s2007 hu o 0|| zxx d | ||
| 022 | |a 0237-7284 | ||
| 024 | 7 | |a 1242979 |2 mtmt | |
| 040 | |a SZTE Publicatio Repozitórium |b hun | ||
| 041 | |a zxx | ||
| 100 | 1 | |a Varga Norbert | |
| 245 | 1 | 3 | |a Az Osztrák-Magyar Monarchia középcímere |h [elektronikus dokumentum] / |c Varga Norbert |
| 260 | |c 2007 | ||
| 300 | |a 88-97 | ||
| 490 | 0 | |a JOGTÖRTÉNETI SZEMLE |v 9 No. Különszám | |
| 856 | 4 | 0 | |u http://publicatio.bibl.u-szeged.hu/20458/11/1242979.pdf |z Dokumentum-elérés |